[Event "Oldie Master Turnier"]
[Site "?"]
[Date "2006.07.06"]
[Round "3"]
[White "Mephisto II (Brikett)"]
[Black "Constellation 2 Mhz, Novag"]
[Result "1/2-1/2"]
[WhiteElo "1520"]
[BlackElo "1597"]
[Annotator "Bernhard Lederwasch"]
[PlyCount "123"]
[EventDate "2006.06.17"]
[SourceDate "2006.06.17"]

1. e4 c5 2. Nc3 Nc6 3. f4 e5 4. Nf3 exf4 5. Bc4 Be7 6. O-O Nf6 7. d3 Qb6 8. e5
Nh5 9. Nd5 Qa5 10. Bd2 Qd8 11. Nxf4 Nxf4 12. Bxf4 O-O 13. a4 d5 14. exd6 Bxd6
15. Qd2 Be6 16. Bxd6 Qxd6 17. Qc3 Nd4 18. Rae1 Bxc4 19. Qxc4 Rad8 20. Ne5 Qd5
21. Qxd5 Rxd5 22. c4 Rdd8 23. Re4 f6 24. Nf3 Kf7 25. Nxd4 Rxd4 26. Rfe1 Rd7 27.
Rh4 Rxd3 28. Rxh7 Rd2 29. b3 Rd3 30. Rb1 Kg6 31. Rh4 Re8 32. a5 Re2 33. Rg4+
Kf7 34. Rg3 Rd7 35. Ra1 Rdd2 36. Rg4 g6 37. Rg3 Ra2 38. Rxa2 Rxa2 39. Rd3 Ke6
40. Rg3 Ra1+ 41. Kf2 Ra2+ 42. Kg1 Kf5 43. Rf3+ Ke6 44. Rg3 g5 45. Re3+ Kd6 46.
Rd3+ Ke6 47. Re3+ Kd7 48. Rf3 Ke6 49. Re3+ Kf7 50. Rd3 Ra1+ 51. Kf2 Ke6 52.
Re3+ Kd6 53. Rf3 Ra2+ 54. Kf1 Ke5 55. Re3+ Kd6 56. Rf3 Ke6 57. Re3+ Kd7 58. Rf3
Ke6 59. Re3+ Kf7 60. Rd3 Ke6 61. Re3+ Kd6 62. Rf3 1/2-1/2

[Event "Oldie Master Turnier"]
[Site "?"]
[Date "2006.07.08"]
[Round "3"]
[White "Mark V, Scisys"]
[Black "CC Champion, Fidelity"]
[Result "0-1"]
[WhiteElo "1530"]
[BlackElo "1550"]
[Annotator "Bernhard Lederwasch"]
[PlyCount "74"]
[EventDate "2006.06.17"]
[SourceDate "2006.06.17"]

1. e4 c5 2. Nc3 Nc6 3. d3 Nf6 4. Be3 d6 5. Qd2 Bg4 6. g3 Qb6 7. Qc1 g6 8. Bg2
Bg7 9. f4 O-O 10. Nf3 Nd7 11. O-O Bxc3 12. bxc3 Qa5 13. Rb1 Rab8 14. Qb2 Nf6
15. Nh4 Be2 16. Rf2 Bh5 17. f5 Ng4 18. Rf3 Nce5 19. Bf4 Nxf3+ 20. Nxf3 Qa4 21.
h3 Nf6 22. g4 gxf5 23. gxh5 fxe4 24. Bh6 exf3 25. Bxf8 Qf4 26. Rf1 Qe3+ 27. Rf2
fxg2 28. Bxe7 Qe1+ 29. Kxg2 Qxe7 30. h6 Kh8 31. c4 Rg8+ 32. Kf1 Rg6 33. Qc1 Qf8
34. Qa3 Qxh6 35. Rf3 Qd2 36. Rf5 Rg2 37. Qc1 Qe2# 0-1

[Event "Oldie Master Turnier"]
[Site "?"]
[Date "2006.07.08"]
[Round "3"]
[White "Mephisto III (Brikett)"]
[Black "Super Constellation, Novag"]
[Result "0-1"]
[WhiteElo "1464"]
[BlackElo "1731"]
[Annotator "Bernhard Lederwasch"]
[PlyCount "94"]
[EventDate "2006.06.17"]
[SourceDate "2006.06.17"]

1. e4 c5 2. Nf3 d6 3. Bb5+ Bd7 4. Bxd7+ Qxd7 5. O-O e5 6. d3 Nf6 7. Nc3 Be7 8.
Bd2 O-O 9. Qe2 Nc6 10. Nd5 Nxd5 11. exd5 Nd4 12. Nxd4 cxd4 13. f4 Rfe8 14. fxe5
dxe5 15. Qxe5 Bb4 16. Qg5 Bxd2 17. Qxd2 Qxd5 18. c4 Qd7 19. Rae1 h6 20. Qf4
Rad8 21. Qf3 Rc8 22. Re4 Rxe4 23. Qxe4 Re8 24. Qf4 b6 25. Qf3 Qe6 26. Qf2 Qe3
27. Qxe3 Rxe3 28. Rf3 Rxf3 29. gxf3 Kf8 30. b4 Ke7 31. Kf2 Kd6 32. a4 Kc7 33.
a5 bxa5 34. bxa5 Kc6 35. h4 Kc5 36. h5 Kb4 37. a6 Ka5 38. f4 Kxa6 39. Ke2 Kb6
40. Kd1 Kc5 41. Kc2 a5 42. Kb3 g6 43. hxg6 fxg6 44. Kc2 h5 45. Kd2 h4 46. Ke2
a4 47. f5 gxf5 0-1

[Event "Oldie Master Turnier"]
[Site "?"]
[Date "2006.07.09"]
[Round "3"]
[White "GGM Steinitz"]
[Black "MB Bradley Phantom"]
[Result "1-0"]
[WhiteElo "1580"]
[BlackElo "1500"]
[Annotator "Bernhard Lederwasch"]
[PlyCount "63"]
[EventDate "2006.06.17"]
[SourceDate "2006.06.17"]

1. d4 d5 2. c4 c6 3. Nf3 dxc4 4. Na3 Qa5+ 5. Bd2 Qd5 6. e3 b5 7. Nc2 Nf6 8. Be2
Bd7 9. h3 Na6 10. a4 Nc7 11. O-O Be6 12. Nb4 Qd6 13. Ne5 Bd7 14. Bf3 Ncd5 15.
Nxd7 Qxd7 16. Qe2 e6 17. Nxd5 exd5 18. e4 dxe4 19. axb5 Qe6 20. bxc6 exf3 21.
Qxf3 Ne4 22. Rfe1 Nxd2 23. Rxe6+ fxe6 24. Qe2 Nb3 25. Qxe6+ Be7 26. Re1 Kf8 27.
Qxe7+ Kg8 28. Qe6+ Kf8 29. c7 g6 30. Qf6+ Kg8 31. Re7 Rf8 32. Rg7# 1-0

[Event "Oldie Master Turnier"]
[Site "?"]
[Date "2006.07.10"]
[Round "3"]
[White "Conchess"]
[Black "CC Sensory Voice, Fidelity"]
[Result "1-0"]
[WhiteElo "1600"]
[BlackElo "1394"]
[Annotator "Bernhard Lederwasch"]
[PlyCount "37"]
[EventDate "2006.06.17"]
[SourceDate "2006.06.17"]

1. e4 e5 2. Nf3 Nc6 3. d4 exd4 4. Nxd4 Qf6 5. Nxc6 Qxc6 6. Bd3 Nf6 7. Nc3 Bb4
8. Bd2 Bxc3 9. Bxc3 Nxe4 10. Qe2 f5 11. f3 Qh6 12. fxe4 fxe4 13. Qxe4+ Kd8 14.
O-O Qb6+ 15. Rf2 Qh6 16. Raf1 d6 17. Rf8+ Rxf8 18. Rxf8+ Kd7 19. Qe8# 1-0

[Event "Oldie Master Turnier"]
[Site "?"]
[Date "2006.07.11"]
[Round "3"]
[White "Chess-Master Diamond, RFT."]
[Black "MK III, Novag"]
[Result "1/2-1/2"]
[WhiteElo "1450"]
[BlackElo "1375"]
[Annotator "Bernhard Lederwasch"]
[PlyCount "145"]
[EventDate "2006.06.17"]
[SourceDate "2006.06.17"]

1. f4 d5 2. Nf3 Bf5 3. e3 Nc6 4. Bb5 Nf6 5. Nd4 Bd7 6. O-O Nxd4 7. Bxd7+ Qxd7
8. exd4 O-O-O 9. d3 Qe6 10. f5 Qd6 11. c4 dxc4 12. dxc4 Qxd4+ 13. Qxd4 Rxd4 14.
Be3 Rxc4 15. b3 Re4 16. Bxa7 e6 17. Nc3 Rg4 18. Rae1 Bb4 19. h3 Rg3 20. Rf3
Rxf3 21. gxf3 Bxc3 22. Re3 Nd5 23. Rd3 g5 24. fxe6 fxe6 25. Bc5 c6 26. a3 e5
27. b4 h5 28. Bf2 b5 29. Bc5 h4 30. Bf2 Rh7 31. Bc5 Rf7 32. Bf2 Rf4 33. Bc5 e4
34. fxe4 Rxe4 35. Bf2 Kb8 36. Bc5 g4 37. Bd6+ Kc8 38. hxg4 Rxg4+ 39. Kf2 Bd4+
40. Kf3 Nf6 41. Bf4 c5 42. bxc5 Bg1 43. c6 h3 44. Rb3 h2 45. Bxh2 Bxh2 46. Rxb5
Rg3+ 47. Ke2 Rxa3 48. Rf5 Ne4 49. Rf8+ Kc7 50. Re8 Nc3+ 51. Kf3 Kxc6 52. Rc8+
Bc7 53. Re8 Ra4 54. Re6+ Bd6 55. Rg6 Re4 56. Rf6 Kd7 57. Rf7+ Ke8 58. Rf5 Be5
59. Rh5 Rf4+ 60. Kg2 Rg4+ 61. Kh3 Re4 62. Rf5 Nd5 63. Rf3 Rf4 64. Rd3 Bd4 65.
Rb3 Bc3 66. Rb8+ Ke7 67. Rb7+ Ke6 68. Rb5 Be5 69. Rb3 Bc3 70. Rb7 Be5 71. Rb3
Rb4 72. Rxb4 Nxb4 73. Kg2 1/2-1/2

[Event "Oldie Master Turnier"]
[Site "?"]
[Date "2006.07.31"]
[Round "4"]
[White "Sensory 12, Fidelity"]
[Black "MGS Morphy Edition, Chafitz"]
[Result "1-0"]
[WhiteElo "1680"]
[BlackElo "1500"]
[Annotator "Bernhard Lederwasch"]
[PlyCount "115"]
[EventDate "2006.06.17"]
[SourceDate "2006.06.17"]

1. c4 c6 2. Nf3 Nf6 3. Nc3 Na6 4. e4 d6 5. d4 Bg4 6. Bf4 Bxf3 7. gxf3 Qa5 8.
Qb3 O-O-O 9. Bd2 Qh5 10. Be2 Nc7 11. d5 cxd5 12. Nxd5 Ncxd5 13. cxd5 Nd7 14. f4
Qg6 15. Ba5 Nc5 16. Qh3+ Rd7 17. f5 Qh6 18. Qxh6 gxh6 19. Bb5 Nxe4 20. Rc1+ Nc5
21. b4 b6 22. bxc5 bxa5 23. cxd6+ Kd8 24. Bxd7 Kxd7 25. dxe7 Bxe7 26. Rb1 Kd6
27. Rb5 Bd8 28. Kd2 a6 29. Rb7 Rf8 30. Ra7 Kxd5 31. Rb1 Bg5+ 32. Ke2 Bf4 33.
Rxa6 Re8+ 34. Kd3 Rc8 35. Rxa5+ Rc5 36. Rxc5+ Kxc5 37. Rb7 f6 38. h4 Kd5 39.
Re7 Be5 40. a4 Bd6 41. Rf7 Ke5 42. Rxh7 Bc5 43. Rxh6 Bxf2 44. Rh5 Kf4 45. a5
Kg4 46. Rh7 Kxf5 47. a6 Kg4 48. a7 Bxa7 49. Rxa7 Kxh4 50. Ra5 Kg4 51. Ke4 Kg3
52. Rh5 Kg4 53. Rd5 Kh3 54. Kf3 f5 55. Rxf5 Kh2 56. Rh5+ Kg1 57. Rh4 Kf1 58.
Rh1# 1-0

[Event "Oldie Master Turnier"]
[Site "?"]
[Date "2006.08.03"]
[Round "4"]
[White "Constellation 2 Mhz, Novag"]
[Black "GGM Steinitz"]
[Result "1-0"]
[WhiteElo "1597"]
[BlackElo "1580"]
[Annotator "Bernhard Lederwasch"]
[PlyCount "99"]
[EventDate "2006.06.17"]
[SourceDate "2006.06.17"]

1. c4 c5 2. Nc3 Nf6 3. g3 d5 4. cxd5 Nxd5 5. Bg2 Nc7 6. Nf3 Nc6 7. Qa4 Bd7 8.
Qf4 f6 9. O-O e5 10. Qh4 Be7 11. Qh5+ g6 12. Qh4 O-O 13. d3 Kh8 14. Rd1 g5 15.
Qh6 g4 16. Ne1 Rg8 17. Ne4 Nd4 18. e3 Nf5 19. Qh5 Qe8 20. Qxe8 Raxe8 21. Bd2
Rd8 22. Rac1 b6 23. Nc3 Nd6 24. Nc2 a6 25. Be1 Be6 26. d4 exd4 27. exd4 Nc4 28.
b3 Nb2 29. Rd2 c4 30. Rb1 Nd3 31. bxc4 Bxc4 32. Re2 Nxe1 33. Rexe1 Bd6 34. Rxb6
Nb5 35. Ne4 Bc7 36. Rc6 Bxa2 37. Nxf6 Rg7 38. Ne8 Rgd7 39. Rxa6 Bb3 40. Rf6 Ba5
41. Rf8+ Bg8 42. Re5 Nxd4 43. Nxd4 Rxd4 44. Rg5 Rd1+ 45. Bf1 Rxf1+ 46. Kxf1
Rd1+ 47. Kg2 Rg1+ 48. Kxg1 h6 49. Rfxg8+ Kh7 50. Nf6# 1-0

[Event "Oldie Master Turnier"]
[Site "?"]
[Date "2006.08.03"]
[Round "4"]
[White "Super Constellation, Novag"]
[Black "Sensory 9, Fidelity"]
[Result "0-1"]
[WhiteElo "1731"]
[BlackElo "1570"]
[Annotator "Bernhard Lederwasch"]
[PlyCount "146"]
[EventDate "2006.06.17"]
[SourceDate "2006.06.17"]

1. e4 e5 2. Nf3 Nc6 3. Bc4 Nf6 4. d4 exd4 5. O-O Nxe4 6. Re1 d5 7. Bxd5 Qxd5 8.
Nc3 Qa5 9. Nxe4 Be6 10. Bg5 Bb4 11. Bd2 O-O 12. c3 dxc3 13. bxc3 Be7 14. Qe2
Rad8 15. h3 Ne5 16. Nxe5 Qxe5 17. Rab1 b6 18. Qa6 Bd5 19. Qa4 Qf5 20. Rbd1 a5
21. Re3 Rfe8 22. Be1 Bb7 23. Ng3 Qf6 24. Rxd8 Rxd8 25. Nf5 Bf8 26. Nd4 Qg6 27.
Rg3 Qe4 28. Qd1 Qd5 29. Qd2 Be7 30. Qh6 Qe5 31. Re3 Qf6 32. Qh5 Bc5 33. Qe2 Bc6
34. Nxc6 Qxc6 35. Re5 f6 36. Re6 Qd7 37. Re4 b5 38. c4 b4 39. Qh5 Qd6 40. Rh4
h6 41. Re4 Kf8 42. Qg6 Qd3 43. Qf5 Bd4 44. Qe6 Be5 45. Qf5 Qd6 46. f4 Bd4+ 47.
Kh1 Qc6 48. Kh2 Qxc4 49. Qxa5 Bg1+ 50. Kxg1 Qxe4 51. Qc5+ Kg8 52. Qxb4 Qd4+ 53.
Kf1 Qxb4 54. Bxb4 Rd4 55. a3 Rxf4+ 56. Ke2 Re4+ 57. Kd3 Re5 58. a4 Kf7 59. a5
c5 60. Bc3 Rg5 61. g4 h5 62. a6 hxg4 63. a7 Rd5+ 64. Kc4 Rd8 65. hxg4 Ra8 66.
Kxc5 Rxa7 67. Kd5 Ra3 68. Kc4 Ra2 69. g5 fxg5 70. Kd5 g6 71. Ke4 g4 72. Ke3 Ra3
73. Kd3 Rxc3+ 0-1

[Event "Oldie Master Turnier"]
[Site "?"]
[Date "2006.08.06"]
[Round "4"]
[White "Mephisto III (Brikett)"]
[Black "Chess-Master Diamond, RFT."]
[Result "1-0"]
[WhiteElo "1464"]
[BlackElo "1450"]
[Annotator "Bernhard Lederwasch"]
[PlyCount "83"]
[EventDate "2006.06.17"]
[SourceDate "2006.06.17"]

1. Nf3 c5 2. e4 Nc6 3. Bb5 e6 4. O-O a6 5. Bxc6 dxc6 6. Nc3 Bd6 7. d4 cxd4 8.
Qxd4 Bf8 9. Qxd8+ Kxd8 10. Rd1+ Kc7 11. Ne5 f6 12. Nf7 Bd6 13. Nxh8 Ne7 14. Be3
Bd7 15. Nf7 Bb4 16. a3 Bxc3 17. bxc3 e5 18. Rab1 b5 19. f3 Be6 20. Nd6 Nd5 21.
exd5 cxd5 22. Nxb5+ axb5 23. Rxb5 Rxa3 24. Rb6 Rxc3 25. Rxe6 Rxe3 26. Re7+ Kd6
27. Rxg7 Rc3 28. Rxh7 Rxc2 29. h4 Rc4 30. h5 f5 31. Ra7 Rh4 32. Ra6+ Kc5 33.
Ra5+ Kc6 34. Rdxd5 Rxh5 35. Rdc5+ Kd6 36. Rxe5 Rh4 37. Rad5+ Kc6 38. g3 Rh3 39.
Kg2 Rh6 40. Rxf5 Re6 41. Rfe5 Rxe5 42. Rxe5 1-0

[Event "Oldie Master Turnier"]
[Site "?"]
[Date "2006.08.06"]
[Round "4"]
[White "Constellation 3.6 Mhz, Novag"]
[Black "Mark V, Scisys"]
[Result "1-0"]
[WhiteElo "1648"]
[BlackElo "1530"]
[Annotator "Bernhard Lederwasch"]
[PlyCount "65"]
[EventDate "2006.06.17"]
[SourceDate "2006.06.17"]

1. e4 e5 2. Nf3 Nc6 3. Bb5 Nf6 4. O-O Nxe4 5. Re1 Nd6 6. Bxc6 dxc6 7. Nxe5 Be7
8. d4 Be6 9. Nc3 O-O 10. Be3 f6 11. Nd3 Qd7 12. Nc5 Qc8 13. Bf4 Bg4 14. f3 Bxf3
15. Qxf3 Re8 16. Re6 Nf5 17. Qe4 Ng3 18. Bxg3 f5 19. Qxf5 Rf8 20. Qe4 Bg5 21.
Rf1 Rd8 22. Ne2 b6 23. Nd3 Qa6 24. Nb4 Qb5 25. Nxc6 Rdc8 26. Rf5 Qxb2 27. Rxg5
Qb1+ 28. Kf2 Kh8 29. Re7 Rf8+ 30. Bf4 Rg8 31. Rh5 Qg1+ 32. Kxg1 Rge8 33. Qxh7#
1-0

[Event "Oldie Master Turnier"]
[Site "?"]
[Date "2006.08.04"]
[Round "4"]
[White "CC Champion, Fidelity"]
[Black "Mephisto II (Brikett)"]
[Result "0-1"]
[WhiteElo "1550"]
[BlackElo "1520"]
[Annotator "Bernhard Lederwasch"]
[PlyCount "70"]
[EventDate "2006.06.17"]
[SourceDate "2006.06.17"]

1. d4 Nf6 2. c4 e6 3. Nc3 Bb4 4. e3 b6 5. Nge2 Ba6 6. a3 Bxc3+ 7. Nxc3 d5 8.
cxd5 Bxf1 9. Kxf1 exd5 10. Qa4+ c6 11. b3 b5 12. Nxb5 cxb5 13. Qxb5+ Qd7 14.
Qd3 O-O 15. Bd2 Nc6 16. Rc1 Rac8 17. Bc3 Na5 18. Rb1 Nb7 19. Bb4 Nd6 20. Rd1
Rfe8 21. Ke1 h6 22. f3 Nf5 23. Bd2 Rc7 24. Kf2 Rec8 25. Bb4 Rc2+ 26. Rd2 Rxd2+
27. Bxd2 Qe6 28. Bb4 Re8 29. Re1 Kh8 30. g4 Nh4 31. Bc5 Nxf3 32. Kxf3 Qxg4+ 33.
Kf2 Ne4+ 34. Kf1 Qf3+ 35. Kg1 Nf2 0-1

[Event "Oldie Master Turnier"]
[Site "?"]
[Date "2006.08.04"]
[Round "4"]
[White "Chess 2001, CXG."]
[Black "Prodigy Destiny"]
[Result "1/2-1/2"]
[WhiteElo "1550"]
[BlackElo "1570"]
[Annotator "Bernhard Lederwasch"]
[PlyCount "83"]
[EventDate "2006.06.17"]
[SourceDate "2006.06.17"]

1. e4 e5 2. Nf3 Nf6 3. d4 exd4 4. e5 Qe7 5. Qxd4 Nc6 6. Qf4 d6 7. Bb5 Bd7 8.
Bxc6 Bxc6 9. O-O dxe5 10. Nxe5 Be4 11. c3 Qd6 12. Be3 Qd5 13. f3 Bd6 14. fxe4
Qxe5 15. Qxe5+ Bxe5 16. g3 Nxe4 17. Na3 O-O 18. Rad1 Rfe8 19. Nc4 Bf6 20. Rf5
Nd6 21. Nxd6 cxd6 22. Rd3 Be5 23. Kg2 b6 24. Bg5 Rac8 25. Kh3 f6 26. Be3 g6 27.
Rf3 f5 28. Kg2 Rc4 29. Kh3 Ra4 30. a3 Rc4 31. Kg2 Re7 32. Kh3 Rec7 33. Rf1 Re4
34. Kg2 h5 35. Kh3 Rcc4 36. Rf3 h4 37. Rd1 hxg3 38. hxg3 Rc7 39. Kg2 Rcc4 40.
Kh3 Rg4 41. Re1 Rge4 42. Rd1 1/2-1/2

[Event "Oldie Master Turnier"]
[Site "?"]
[Date "2006.08.09"]
[Round "4"]
[White "MK III, Novag"]
[Black "Conchess"]
[Result "0-1"]
[WhiteElo "1375"]
[BlackElo "1600"]
[Annotator "Bernhard Lederwasch"]
[PlyCount "84"]
[EventDate "2006.06.17"]
[SourceDate "2006.06.17"]

1. e4 e5 2. d4 exd4 3. Qxd4 Nc6 4. Qd5 Nf6 5. Qf5 d5 6. Qf3 dxe4 7. Qg3 Nd4 8.
Qe5+ Be6 9. Bb5+ c6 10. Ba4 Be7 11. Nc3 Qd6 12. Bf4 Qxe5 13. Bxe5 Nf5 14. Rd1
Ng4 15. Bf4 Bb4 16. h3 Nf6 17. Bb3 Bxb3 18. axb3 Bxc3+ 19. bxc3 Nh4 20. Kf1 Ng6
21. Be3 Nd5 22. Bd4 O-O 23. Ne2 Rfe8 24. c4 Nb4 25. Rd2 Red8 26. Ke1 Nh4 27.
Rh2 Nf5 28. Be5 Rxd2 29. Kxd2 Rd8+ 30. Kc1 e3 31. fxe3 Nxe3 32. Nd4 c5 33. g4
cxd4 34. g5 Nexc2 35. Re2 Na1 36. Kb2 d3 37. Re1 Nac2 38. Rf1 Ne3 39. Ra1 d2
40. Kc3 a5 41. c5 Rd3+ 42. Kb2 d1=Q 0-1

[Event "Oldie Master Turnier"]
[Site "?"]
[Date "2006.08.12"]
[Round "4"]
[White "MB Bradley Phantom"]
[Black "CC Sensory Voice, Fidelity"]
[Result "1-0"]
[WhiteElo "1500"]
[BlackElo "1394"]
[Annotator "Bernhard Lederwasch"]
[PlyCount "47"]
[EventDate "2006.06.17"]
[SourceDate "2006.06.17"]

1. e4 d6 2. d4 Nf6 3. Nc3 g6 4. Bg5 Nbd7 5. Nf3 Bg7 6. e5 dxe5 7. dxe5 Ng4 8.
Nd5 Ngxe5 9. Bxe7 Nxf3+ 10. Qxf3 Qxe7+ 11. Nxe7 Kxe7 12. Qe3+ Ne5 13. f4 f6 14.
fxe5 fxe5 15. Qc5+ Kd8 16. Rd1+ Ke8 17. Qxc7 Bf6 18. Bb5+ Kf8 19. Rf1 Bf5 20.
Qxb7 Rc8 21. Rxf5 gxf5 22. Qxc8+ Ke7 23. Rd7+ Ke6 24. Qc4# 1-0

[Event "Oldie Master Turnier"]
[Site "?"]
[Date "2006.08.16"]
[Round "5"]
[White "MGS Morphy Edition, Chafitz"]
[Black "Constellation 2 Mhz, Novag"]
[Result "0-1"]
[WhiteElo "1500"]
[BlackElo "1597"]
[Annotator "Bernhard Lederwasch"]
[PlyCount "94"]
[EventDate "2006.06.17"]
[SourceDate "2006.06.17"]

1. d4 f5 2. Bf4 Nf6 3. Nc3 e6 4. e3 Bb4 5. Nf3 Ne4 6. Qd3 O-O 7. Be2 g5 8. Be5
d6 9. Bg3 Bxc3+ 10. bxc3 Nc6 11. Rb1 Nxg3 12. hxg3 e5 13. Rh5 e4 14. Qc4+ d5
15. Qb5 a6 16. Rxg5+ Kf7 17. Ne5+ Nxe5 18. Qb3 Qxg5 19. Qxd5+ Be6 20. Qxe5 b5
21. Qxc7+ Kg8 22. Qa5 Rfc8 23. a4 Ba2 24. Ra1 Bd5 25. Ra3 Qe7 26. Ra1 Qc7 27.
Qxc7 Rxc7 28. axb5 axb5 29. Rxa8+ Bxa8 30. Bxb5 Rxc3 31. Kd2 Rc7 32. c4 Bc6 33.
Bxc6 Rxc6 34. c5 Ra6 35. Ke2 h5 36. f3 Ra2+ 37. Kf1 Rc2 38. f4 Kf7 39. Kg1 Ke6
40. Kf1 Kd5 41. g4 hxg4 42. g3 Kc4 43. Ke1 Kd3 44. Kd1 Rd2+ 45. Kc1 Kxe3 46. c6
Rxd4 47. Kb2 Kd3 0-1

[Event "Oldie Master Turnier"]
[Site "?"]
[Date "2006.08.17"]
[Round "5"]
[White "Prodigy Destiny"]
[Black "Mephisto II (Brikett)"]
[Result "0-1"]
[WhiteElo "1570"]
[BlackElo "1520"]
[Annotator "Bernhard Lederwasch"]
[PlyCount "124"]
[EventDate "2006.06.17"]
[SourceDate "2006.06.17"]

1. c4 c5 2. Nc3 Nf6 3. g3 g6 4. Nf3 Bg7 5. Bh3 Qa5 6. O-O O-O 7. d4 cxd4 8.
Qxd4 Nc6 9. Qh4 d5 10. Bxc8 Raxc8 11. Bg5 dxc4 12. Qxc4 Qb6 13. Na4 Qb4 14.
Qxb4 Nxb4 15. Be3 Nc2 16. Rac1 Nxe3 17. Rxc8 Rxc8 18. fxe3 Bh6 19. Rd1 b5 20.
Nc3 Bxe3+ 21. Kg2 b4 22. Na4 Ng4 23. Rd3 Rc2 24. Kf1 Rc1+ 25. Kg2 Bh6 26. Rd8+
Kg7 27. Rd7 Ra1 28. Rxe7 a5 29. Ne5 Ne3+ 30. Kf3 Rf1+ 31. Ke4 Rf2 32. Ra7 Nf1
33. Kd3 Nxh2 34. b3 Nf1 35. g4 Ng3 36. e3 Nf1 37. Rxa5 Nxe3 38. Ra7 Bg5 39. Nc5
Rc2 40. Ne4 h6 41. a4 Kg8 42. Nc4 Rxc4 43. Ra8+ Kh7 44. bxc4 Nxg4 45. Nxg5+
hxg5 46. Ra7 Ne5+ 47. Ke4 Nxc4 48. Rxf7+ Kg8 49. Rd7 b3 50. Kd4 Nb6 51. Rd6
Nxa4 52. Ra6 b2 53. Ra8+ Kg7 54. Ra7+ Kh6 55. Rb7 g4 56. Rb3 g3 57. Ke5 g2 58.
Kf6 Kh7 59. Rh3+ Kg8 60. Rg3 b1=Q 61. Rxg6+ Qxg6+ 62. Kxg6 g1=Q+ 0-1

[Event "Oldie Master Turnier"]
[Site "?"]
[Date "2006.08.17"]
[Round "5"]
[White "Chess 2001, CXG."]
[Black "Constellation 3.6 Mhz, Novag"]
[Result "1-0"]
[WhiteElo "1550"]
[BlackElo "1648"]
[Annotator "Bernhard Lederwasch"]
[PlyCount "113"]
[EventDate "2006.06.17"]
[SourceDate "2006.06.17"]

1. e4 e5 2. Nf3 Nc6 3. Bb5 a6 4. Ba4 Nf6 5. O-O Nxe4 6. d4 b5 7. Bb3 d5 8. dxe5
Be6 9. c3 Be7 10. Nbd2 O-O 11. Nxe4 dxe4 12. Bxe6 exf3 13. Bd5 Nxe5 14. Bxa8
Qxa8 15. g3 Rd8 16. Qb3 Ng4 17. Bf4 c5 18. Rae1 c4 19. Qc2 Bf8 20. Qf5 Nf6 21.
Rd1 Re8 22. Rfe1 Re2 23. Rxe2 fxe2 24. Re1 Qf3 25. Qc2 Bc5 26. Qxe2 Qd3 27.
Qxd3 cxd3 28. Kg2 h6 29. b4 Bb6 30. Rd1 Ne4 31. Rxd3 Bxf2 32. Kf3 f5 33. g4 Be1
34. Be5 g6 35. gxf5 gxf5 36. Kf4 Nf2 37. Rd8+ Kf7 38. Kxf5 h5 39. Rd7+ Ke8 40.
Ra7 Nd3 41. Ke6 Bh4 42. Rh7 Bf6 43. Bxf6 Nf4+ 44. Kd6 Kf8 45. Ra7 Ne2 46. Rxa6
Kf7 47. Kc5 Nf4 48. Kxb5 Ke8 49. Kc4 Kf7 50. h4 Ng6 51. b5 Nf8 52. b6 Nd7 53.
Bd4 Nb8 54. Ra8 Nd7 55. b7 Ke6 56. Rd8 Ke7 57. Rxd7+ 1-0

[Event "Oldie Master Turnier"]
[Site "?"]
[Date "2006.08.17"]
[Round "5"]
[White "CC Champion, Fidelity"]
[Black "Super Constellation, Novag"]
[Result "0-1"]
[WhiteElo "1550"]
[BlackElo "1731"]
[Annotator "Bernhard Lederwasch"]
[PlyCount "132"]
[EventDate "2006.06.17"]
[SourceDate "2006.06.17"]

1. d4 Nf6 2. c4 e6 3. Nc3 Bb4 4. e3 O-O 5. Nf3 d5 6. Bd3 c5 7. O-O dxc4 8. Bxc4
Nbd7 9. Qe2 b6 10. Bd3 Bb7 11. Bd2 Rc8 12. Ng5 h6 13. Nf3 Qe7 14. Rac1 Rfd8 15.
Qd1 c4 16. Bc2 Bd6 17. e4 Bc7 18. Re1 Bb8 19. d5 exd5 20. Nxd5 Nxd5 21. exd5
Qd6 22. Bf5 Bxd5 23. Bb4 Qxb4 24. Qxd5 Nf6 25. Qb7 Rc7 26. Qa6 b5 27. Re2 Rd6
28. Qa3 Qxa3 29. bxa3 a5 30. Re5 Rd5 31. Rce1 Rxe5 32. Rxe5 Rb7 33. Rc5 g6 34.
Bc2 Ba7 35. Rc8+ Kg7 36. a4 Ng4 37. axb5 Rxb5 38. Rxc4 Rb2 39. Rxg4 Rxc2 40.
Re4 Rxa2 41. Re7 Kf8 42. Re5 Rxf2 43. Rxa5 Be3 44. Ra8+ Ke7 45. Nd2 Rxd2+ 46.
Kf1 Rf2+ 47. Ke1 Rxg2 48. h4 Rh2 49. Ra4 Bf2+ 50. Kf1 Bxh4 51. Ra7+ Kf6 52.
Ra6+ Kg5 53. Ra7 Rf2+ 54. Kg1 f5 55. Rd7 Rc2 56. Rd5 h5 57. Rd3 Kg4 58. Rd6 g5
59. Rd4+ f4 60. Kf1 Kf3 61. Rd3+ Ke4 62. Rd7 g4 63. Rb7 Rc1+ 64. Kg2 f3+ 65.
Kh2 g3+ 66. Kh3 Rh1# 0-1

[Event "Oldie Master Turnier"]
[Site "?"]
[Date "2006.08.19"]
[Round "5"]
[White "Conchess"]
[Black "Mephisto III (Brikett)"]
[Result "1/2-1/2"]
[WhiteElo "1600"]
[BlackElo "1464"]
[Annotator "Bernhard Lederwasch"]
[PlyCount "49"]
[EventDate "2006.06.17"]
[SourceDate "2006.06.17"]

1. e4 e6 2. d4 d5 3. e5 c5 4. c3 Nc6 5. Nf3 Qb6 6. Be2 cxd4 7. cxd4 Nh6 8. Bxh6
Qxb2 9. Nc3 Bb4 10. O-O Bxc3 11. Rb1 Qxa2 12. Bxg7 Rg8 13. Bf6 Ba5 14. Bd3 h6
15. Ra1 Qb2 16. Rb1 Qa2 17. Rb3 Bb6 18. Bh7 Rg4 19. h3 Rf4 20. Bb1 Qa4 21. Rc3
Qb4 22. Rb3 Qa4 23. Rc3 Qb4 24. Rb3 Qa4 25. Rc3 1/2-1/2

[Event "Oldie Master Turnier"]
[Site "?"]
[Date "2006.08.19"]
[Round "5"]
[White "Mark V, Scisys"]
[Black "GGM Steinitz"]
[Result "0-1"]
[WhiteElo "1530"]
[BlackElo "1580"]
[Annotator "Bernhard Lederwasch"]
[PlyCount "138"]
[EventDate "2006.06.17"]
[SourceDate "2006.06.17"]

1. e4 c5 2. Nc3 Nc6 3. d3 Nf6 4. Be3 d6 5. Qd2 Qb6 6. O-O-O Qa5 7. g3 Nd4 8.
Bg2 Bg4 9. f3 Be6 10. Bxd4 cxd4 11. Nce2 Qxa2 12. Qb4 Bd7 13. Qxb7 Rc8 14. Nxd4
Qa1+ 15. Kd2 Qa5+ 16. b4 Qb6 17. Qxb6 axb6 18. Bh3 e6 19. Nge2 g6 20. f4 Bh6
21. Nc3 Ra8 22. Rhe1 O-O 23. Ra1 Bg7 24. e5 dxe5 25. Rxa8 Rxa8 26. fxe5 Bh6+
27. Ke2 Rc8 28. exf6 Rxc3 29. b5 Rc5 30. c4 Rh5 31. Bg2 Rxh2 32. Kf1 Bd2 33.
Re2 Bc3 34. Nf3 Rh5 35. g4 Rc5 36. g5 h6 37. Rc2 Ba5 38. d4 Rc8 39. Ne5 Bxb5
40. gxh6 Ba4 41. Rf2 Bc3 42. Rf4 Bb3 43. Bc6 Bxc4+ 44. Kf2 b5 45. Kg3 Be1+ 46.
Kg4 Bd2 47. Rf3 Bxh6 48. Bd7 Ra8 49. Bc6 Ra2 50. Be8 Ra7 51. Nxf7 Rxf7 52.
Bxf7+ Kxf7 53. Rh3 Be2+ 54. Kg3 Be3 55. Rh2 Bd3 56. Kf3 Bg5 57. Rh8 Bxf6 58.
Rh7+ Kg8 59. Rd7 g5 60. Rd6 Kf7 61. Ke3 Bc4 62. Rd7+ Be7 63. Ke4 Bd5+ 64. Ke5
Bf3 65. Ra7 b4 66. Rc7 g4 67. Rd7 b3 68. d5 Bxd5 69. Kf4 b2 0-1

[Event "Oldie Master Turnier"]
[Site "?"]
[Date "2006.08.20"]
[Round "5"]
[White "Chess-Master Diamond, RFT."]
[Black "MB Bradley Phantom"]
[Result "1/2-1/2"]
[WhiteElo "1450"]
[BlackElo "1500"]
[Annotator "Bernhard Lederwasch"]
[PlyCount "53"]
[EventDate "2006.06.17"]
[SourceDate "2006.06.17"]

1. c4 e5 2. Nc3 Nf6 3. Nf3 Nc6 4. e3 e4 5. Ng5 Qe7 6. Qc2 Nb4 7. Qb3 Qe5 8. a3
Nd3+ 9. Bxd3 exd3 10. Nf3 Qf5 11. Nd4 Qg4 12. Ncb5 Kd8 13. O-O a6 14. h3 Qg6
15. Nc3 Qxg2+ 16. Kxg2 Rb8 17. Na4 b5 18. cxb5 axb5 19. Nxb5 c6 20. Nac3 d5 21.
Ra2 Bd7 22. a4 Bc5 23. Ra1 Re8 24. Ra2 Rh8 25. Ra1 Re8 26. Ra2 Rh8 27. Ra1
1/2-1/2

[Event "Oldie Master Turnier"]
[Site "?"]
[Date "2006.08.20"]
[Round "5"]
[White "CC Sensory Voice, Fidelity"]
[Black "MK III, Novag"]
[Result "1/2-1/2"]
[WhiteElo "1394"]
[BlackElo "1375"]
[Annotator "Bernhard Lederwasch"]
[PlyCount "77"]
[EventDate "2006.06.17"]
[SourceDate "2006.06.17"]

1. c4 e5 2. Nc3 Nc6 3. Nf3 Bc5 4. Ne4 Bb4 5. a3 Be7 6. d3 d5 7. cxd5 Qxd5 8.
Bg5 Bxg5 9. Nfxg5 Nf6 10. Nxf6+ gxf6 11. Ne4 Ke7 12. Qa4 Bf5 13. Rc1 Rhg8 14.
Qc4 Qxc4 15. Rxc4 Rad8 16. Nc5 b5 17. Rc1 Rd4 18. e4 Bg4 19. h3 Bh5 20. g4 Bg6
21. Be2 Rgd8 22. Nb7 Rb8 23. Rxc6 Rxb7 24. O-O h6 25. Rfc1 Rd7 26. b4 Bh7 27.
Kh2 Bg6 28. Kg3 Bh7 29. f4 exf4+ 30. Kxf4 Bg6 31. Ke3 Bh7 32. d4 Bg6 33. R1c5
Rd6 34. Bxb5 Rxb5 35. Rxc7+ Kd8 36. Rc8+ Kd7 37. R8c7+ Kd8 38. Rc8+ Kd7 39.
R8c7+ 1/2-1/2